Star Wars General Knowledge - Statistics

General Stats
  • This quiz has been taken 21 times
  • The average score is 17 of 22
Answer Stats
Answer % Correct
Jedi who becomes Darth Vader Anakin Skywalker
100%
Owns the Millennium Falcon Han Solo
100%
The above's BFF C-3PO
91%
Famous Wookiee Chewbacca
91%
Sidious' apprentice in The Phantom Menace Darth Maul
91%
Jedi who fought Darth Vader on Mustafar Obi-Wan Kenobi
91%
Wife of the above Padme
91%
Famous astromech droid R2-D2
91%
Trained Luke Skywalker on Dagobah Yoda
91%
Movie Made in 1977 A New Hope
82%
Made Princess Leia a slave on Tatooine Jabba the Hutt
82%
Clumsy gungan Jar Jar Binks
82%
Son of the above who becomes evil Kylo Ren
82%
The above's daughter Princess Leia
82%
Important astromech droid in The Force Awakens BB-8
73%
Forest moon of the Ewoks Endor
73%
Head of Cloud City Lando Calrissian
73%
The Last jedi Rey
73%
The original clone Jango Fett
64%
Planet that Queen Amidala was queen on Naboo
64%
Dies by the above Qui-Gon Jinn
55%
Captain of the royal guards in the first episode Captain Panaka
27%
No matching quizzes found
Score Distribution
Percent of People with Each Score
Percentile by Number Answered
Your Score History
You have not taken this quiz